000 00580nam a2200181 i 4500
001 87665
003 ES-MaACL
005 20230906175721.0
007 t|
008 041222s1973 sp ||||1| spa d
100 1 _aKunin, Calvin M.
_969026
245 1 0 _aInfecciones urinarias
_b: diagnóstico, profilaxis y tratamiento /
_cpor Calvin M. Kunin ; versión J.R. Laporte Roselló.
250 _a[1ª ed.].
260 _aBarcelona :
_bToray,
_c[1973]
300 _aXVI, 234 p. :
_bil. ;
_c22 cm.
700 1 _aLaporte Roselló, J. R.
_970176
852 _aES-MaACL
_jC-53873
_bR.86715
999 _c87665
_d87665